[Event "Landesklasse West 2012/2013"]
[Site "?"]
[Date "2013.04.21"]
[Round "9"]
[White "Reum, Lutz"]
[Black "Leibeling, Lucian"]
[Result "0-1"]
[WhiteElo "1855"]
[BlackElo "1851"]
[PlyCount "120"]
[EventDate "2013.??.??"]
[WhiteTeam "SG Barchfeld/Breitungen"]
[BlackTeam "SV Breitenworbis"]

1. Nf3 d5 2. d4 e6 3. e3 Nf6 4. c3 Be7 5. Bd3 Nbd7 6. Nbd2 O-O 7. O-O b6 8. Qe2
Bb7 9. e4 dxe4 10. Nxe4 Nxe4 11. Bxe4 Bxe4 12. Qxe4 Nf6 13. Qh4 c5 14. dxc5
Bxc5 15. Bg5 Be7 16. Rad1 Qc7 17. Qa4 Rfd8 18. h3 h6 19. Bf4 Qb7 20. Nd4 Rac8
21. Rfe1 a6 22. Nf3 b5 23. Rxd8+ Rxd8 24. Qc2 Rd5 25. Rd1 Bc5 26. Re1 Bd6 27.
Bxd6 Rxd6 28. Rd1 Rd5 29. Rxd5 Qxd5 30. a3 Ne4 31. Nd4 Nd6 32. Qe2 Nf5 33. Nf3
Nd6 34. Nd4 Nf5 35. Nxf5 Qxf5 36. Qd2 Qe4 37. Qd1 Qc4 38. Qd8+ Kh7 39. Qe7 Qf4
40. Qb4 Qe5 41. Kf1 Qf5 42. f3 Qd3+ 43. Kg1 f5 44. Kh2 e5 45. a4 Qc4 46. Qe7
Qf4+ 47. Kg1 e4 48. axb5 axb5 49. Qd7 exf3 50. gxf3 Qg3+ 51. Kf1 Qxf3+ 52. Kg1
Qg3+ 53. Kf1 Qxh3+ 54. Kf2 Qh2+ 55. Kf3 Qe5 56. Qd2 Kg6 57. Qg2+ Kf6 58. Qd2
Ke6 59. Qd1 Qd5+ 60. Qxd5+ Kxd5 0-1

[Event "Landesklasse West 2012/2013"]
[Site "?"]
[Date "2013.04.21"]
[Round "9"]
[White "Petiko, Nikolai"]
[Black "Crivellaro, Heiko"]
[Result "0-1"]
[WhiteElo "1957"]
[BlackElo "1826"]
[PlyCount "72"]
[EventDate "2013.??.??"]
[WhiteTeam "SV Breitenworbis"]
[BlackTeam "SG Barchfeld/Breitungen"]

1. e4 e5 2. Nf3 Nf6 3. Nxe5 d6 4. Nf3 Nxe4 5. Nc3 Nf6 6. d4 d5 7. Bd3 Be7 8.
Ne2 h6 9. Ng3 g6 10. Ne5 Be6 11. Qe2 Qd6 12. O-O Nbd7 13. Re1 Nf8 14. b3 N6d7
15. c4 Nxe5 16. dxe5 Qd7 17. cxd5 Bxd5 18. Bb2 Qe6 19. Qe3 Nd7 20. Rac1 c6 21.
Ne2 Qg4 22. f3 Qg5 23. Qxg5 hxg5 24. e6 Nf6 25. exf7+ Kxf7 26. Bc4 Rhd8 27.
Bxd5+ Rxd5 28. Red1 Rad8 29. Rxd5 Nxd5 30. Kf2 Nf4 31. Ke3 Nd3 32. Rc2 Ne1 33.
Rc1 Nxg2+ 34. Kf2 Rd2 35. Bd4 Rxa2 36. Kxg2 Rxe2+ 0-1

[Event "Landesklasse West 2012/2013"]
[Site "?"]
[Date "2013.04.21"]
[Round "9"]
[White "Heß, Wolfgang"]
[Black "Biel, Peter"]
[Result "1/2-1/2"]
[WhiteElo "1742"]
[BlackElo "1665"]
[PlyCount "130"]
[EventDate "2013.??.??"]
[WhiteTeam "SG Barchfeld/Breitungen"]
[BlackTeam "SV Breitenworbis"]

1. e4 e5 2. Nf3 Nc6 3. Bc4 Bc5 4. c3 Nf6 5. d4 exd4 6. cxd4 Bb4+ 7. Nc3 Nxe4 8.
O-O Bxc3 9. d5 O-O 10. bxc3 Ne7 11. Re1 Nd6 12. Bd3 Ng6 13. Bc2 Nc4 14. Qd3 b5
15. h4 Re8 16. Rxe8+ Qxe8 17. h5 Nf8 18. h6 Ne5 19. Nxe5 Qxe5 20. hxg7 Qxg7 21.
Be3 d6 22. Bd4 Qg6 23. Qf3 Bg4 24. Qg3 Qxc2 25. Qxg4+ Qg6 26. Qe2 Nd7 27. Rd1
Ne5 28. Bxe5 Re8 29. Qxb5 Rxe5 30. Qb8+ Kg7 31. Qxa7 Rg5 32. Qd4+ Kg8 33. g3
Qf5 34. c4 Rh5 35. Re1 f6 36. Qe4 Qxe4 37. Rxe4 Kf7 38. f4 Rh6 39. Kg2 Rg6 40.
Re2 Rg8 41. Kh3 Ra8 42. Kh4 Ra4 43. Rc2 Kg6 44. c5 Rd4 45. cxd6 cxd6 46. Kg4
h5+ 47. Kf3 Kf5 48. Rc3 Rxd5 49. a4 Ra5 50. Ra3 d5 51. Ke3 Kg4 52. Kd4 h4 53.
gxh4 Kxf4 54. Kc3 Kg4 55. Kb4 Ra8 56. Rd3 f5 57. Rd4+ f4 58. a5 Rh8 59. Rxd5 f3
60. Rd1 f2 61. Kb5 Kf3 62. Rf1 Kg2 63. Rxf2+ Kxf2 64. a6 Rxh4 65. Kb6 Ra4
1/2-1/2

[Event "Landesklasse West 2012/2013"]
[Site "?"]
[Date "2013.04.21"]
[Round "9"]
[White "Vergin, Marcel"]
[Black "Abe, Rico"]
[Result "1-0"]
[WhiteElo "1590"]
[BlackElo "1709"]
[PlyCount "95"]
[EventDate "2013.??.??"]
[WhiteTeam "SV Breitenworbis"]
[BlackTeam "SG Barchfeld/Breitungen"]

1. d4 Nf6 2. Nf3 e6 3. e3 d5 4. Nbd2 c5 5. c3 c4 6. Ne5 Bd6 7. f4 O-O 8. b3
cxb3 9. axb3 Qc7 10. Bb2 b6 11. Bd3 Nc6 12. Ndf3 h6 13. O-O a5 14. Re1 Ba6 15.
Bc2 Rfc8 16. Kh1 Nb4 17. Bb1 Nc6 18. Rg1 Ne4 19. Bxe4 dxe4 20. Nd2 f5 21. Nxc6
Qxc6 22. Qe1 Qe8 23. Nb1 Qe7 24. Ba3 Bxa3 25. Nxa3 Rc7 26. Qd2 Rac8 27. Rgc1
Kh7 28. c4 Qd6 29. Nb1 g6 30. Nc3 Qe7 31. Na4 Qd6 32. c5 bxc5 33. Nxc5 Qb6 34.
Qxa5 Qxa5 35. Rxa5 Bd3 36. Kg1 Rb8 37. Nxd3 Rxc1+ 38. Nxc1 Rc8 39. Ra1 Rc3 40.
Kf2 Kg7 41. Rb1 Kf7 42. b4 Ke7 43. b5 Kd6 44. Ne2 Rc8 45. b6 Rb8 46. b7 g5 47.
g3 g4 48. Nc3 1-0

[Event "Landesklasse West 2012/2013"]
[Site "?"]
[Date "2013.04.21"]
[Round "9"]
[White "Kleinsteuber, Erik"]
[Black "Hermann, Frank"]
[Result "0-1"]
[WhiteElo "1597"]
[BlackElo "1503"]
[PlyCount "60"]
[EventDate "2013.??.??"]
[WhiteTeam "SG Barchfeld/Breitungen"]
[BlackTeam "SV Breitenworbis"]

1. Nf3 Nf6 2. d4 e6 3. g3 b6 4. Bg2 Bb7 5. O-O Be7 6. c4 O-O 7. b3 d6 8. Bb2
Nbd7 9. Nbd2 c5 10. e3 Rc8 11. Qe2 Ba6 12. Rfd1 cxd4 13. exd4 d5 14. Rac1 dxc4
15. bxc4 Bb4 16. h3 Qe7 17. Qe3 Rc7 18. a3 Ba5 19. Qb3 Rfc8 20. Bf1 Bb7 21. Bc3
Bxc3 22. Rxc3 Ne4 23. Nxe4 Bxe4 24. Rdc1 Qf6 25. Qd1 Rd8 26. Qe2 Bxf3 27. Qxf3
Qxd4 28. Be2 Ne5 29. Qh5 Qc5 30. Qg5 Nf3+ 0-1

[Event "Landesklasse West 2012/2013"]
[Site "?"]
[Date "2013.04.21"]
[Round "9"]
[White "Hübschmann, Holger"]
[Black "Messerschmidt, Nick"]
[Result "1/2-1/2"]
[WhiteElo "1903"]
[BlackElo "1897"]
[PlyCount "94"]
[EventDate "2013.??.??"]
[WhiteTeam "Randspringer Bad Salzungen"]
[BlackTeam "SG Trusetal 92"]

1. Nf3 d5 2. g3 Nf6 3. Bg2 Nc6 4. d4 Bg4 5. Bf4 e6 6. Nbd2 Bd6 7. Bg5 h6 8.
Bxf6 Qxf6 9. c3 O-O 10. O-O Qg6 11. Nh4 Qg5 12. Qe1 Rfe8 13. e4 Na5 14. h3 Bh5
15. f4 Qd8 16. Qf2 Be7 17. Nhf3 Rc8 18. g4 Bg6 19. Ne5 c5 20. exd5 cxd4 21.
cxd4 exd5 22. Rac1 Nc6 23. Nb3 Bh7 24. a3 f6 25. Nxc6 Rxc6 26. Rxc6 bxc6 27.
Rc1 Qb6 28. Rc3 f5 29. Re3 Kf7 30. Qe2 Qb8 31. Na5 Qc7 32. b4 Qd7 33. Bf3 Rc8
34. Bg2 Bf6 35. Qd1 Qd6 36. Qd2 g5 37. Nb7 Qxf4 38. Rd3 Qc7 39. Nc5 f4 40. Rc3
Re8 41. b5 Qe7 42. bxc6 Qe1+ 43. Qxe1 Rxe1+ 44. Kf2 Bxd4+ 45. Kxe1 Bxc3+ 46.
Ke2 Be5 47. Bxd5+ Ke7 1/2-1/2

[Event "Landesklasse West 2012/2013"]
[Site "?"]
[Date "2013.04.21"]
[Round "9"]
[White "Messerschmidt, Daniel"]
[Black "Schulz, Tilo"]
[Result "1/2-1/2"]
[WhiteElo "1784"]
[BlackElo "1874"]
[PlyCount "77"]
[EventDate "2013.??.??"]
[WhiteTeam "SG Trusetal 92"]
[BlackTeam "Randspringer Bad Salzungen"]

1. e4 e5 2. Nf3 Nc6 3. d4 exd4 4. Nxd4 Bc5 5. Be3 Qf6 6. c3 Nge7 7. Be2 d5 8.
Bf3 dxe4 9. Bxe4 Bxd4 10. cxd4 Bf5 11. Nc3 Bxe4 12. Nxe4 Qg6 13. Qf3 Nf5 14.
O-O-O Nb4 15. Kb1 Nd6 16. Bd2 Nd5 17. Rhe1 Nf6 18. Qd3 O-O-O 19. Nxd6+ Rxd6 20.
Qxg6 hxg6 21. Bf4 Rd7 22. h3 Nd5 23. Bg3 Kd8 24. a3 Re8 25. Kc2 Rxe1 26. Rxe1
Re7 27. Re5 c6 28. Kd3 f6 29. Re4 Rxe4 30. Kxe4 Kd7 31. Bb8 a6 32. g4 Ke6 33.
f4 Nb6 34. b3 Nd5 35. Kd3 Nb6 36. Ke4 Nd5 37. Kd3 Kd7 38. Kd2 Ke6 39. Kd3
1/2-1/2

[Event "Landesklasse West 2012/2013"]
[Site "?"]
[Date "2013.04.21"]
[Round "9"]
[White "Roth, Ralf"]
[Black "Willner, Holger"]
[Result "1-0"]
[WhiteElo "1845"]
[BlackElo "1807"]
[PlyCount "87"]
[EventDate "2013.??.??"]
[WhiteTeam "Randspringer Bad Salzungen"]
[BlackTeam "SG Trusetal 92"]

1. e4 e6 2. d4 d5 3. exd5 exd5 4. Bd3 Bd6 5. Ne2 Ne7 6. Bf4 Bxf4 7. Nxf4 Qd6 8.
Ne2 Nbc6 9. c3 Be6 10. Qc2 Ng6 11. Nd2 Nce7 12. b4 O-O 13. O-O f5 14. f4 Kh8
15. g3 Rf6 16. Nf3 Rg8 17. Kf2 Bd7 18. Ne5 Be8 19. Ng1 Nf8 20. Ngf3 Bh5 21. h4
Nd7 22. Nxd7 Qxd7 23. Ne5 Qd8 24. Rfe1 Rgf8 25. Qa4 Nc6 26. Bb5 Nxe5 27. Rxe5
a6 28. Bd3 Bg4 29. Rae1 c6 30. Qc2 h6 31. Kg2 R6f7 32. a4 g6 33. a5 Kg7 34. Qd2
g5 35. hxg5 hxg5 36. fxg5 f4 37. gxf4 Rxf4 38. Re7+ Kg8 39. Qxf4 Rxf4 40. Re8+
Qxe8 41. Rxe8+ Kf7 42. Rb8 Rf3 43. Rxb7+ Kf8 44. Be2 1-0

[Event "Landesklasse West 2012/2013"]
[Site "?"]
[Date "2013.04.21"]
[Round "9"]
[White "Jung, Florian"]
[Black "Essegern, Uwe"]
[Result "0-1"]
[WhiteElo "1815"]
[BlackElo "1828"]
[PlyCount "84"]
[EventDate "2013.??.??"]
[WhiteTeam "SG Trusetal 92"]
[BlackTeam "Randspringer Bad Salzungen"]

1. c4 d6 2. Nc3 g6 3. d4 Bg7 4. Nf3 f5 5. e4 fxe4 6. Nxe4 Nf6 7. Nxf6+ exf6 8.
Be2 O-O 9. O-O Re8 10. Be3 Nc6 11. a3 a5 12. Rc1 Bd7 13. Qd2 Qe7 14. Rfe1 Qf8
15. b4 axb4 16. axb4 Ne7 17. b5 Nf5 18. Bd3 Nxe3 19. Rxe3 Bh6 20. Rxe8 Rxe8 21.
Qc2 Bxc1 22. Qxc1 Bg4 23. Qf4 Bxf3 24. gxf3 f5 25. Kg2 Qf6 26. c5 Kg7 27. h4 h6
28. Bb1 b6 29. Kg3 bxc5 30. dxc5 Qe5 31. Qxe5+ Rxe5 32. cxd6 cxd6 33. Bd3 Rd5
34. Bf1 Rd1 35. Be2 Rd2 36. Bf1 Rb2 37. Bc4 Rb4 38. Bd3 f4+ 39. Kg4 Kf6 40. h5
g5 41. Bf1 Rb2 42. Bc4 Ke5 0-1

[Event "Landesklasse West 2012/2013"]
[Site "?"]
[Date "2013.04.21"]
[Round "9"]
[White "Feldmann, Bernd"]
[Black "Schley, Thomas"]
[Result "1/2-1/2"]
[WhiteElo "1831"]
[BlackElo "1720"]
[PlyCount "40"]
[EventDate "2013.??.??"]
[WhiteTeam "Randspringer Bad Salzungen"]
[BlackTeam "SG Trusetal 92"]

1. d4 d5 2. Nf3 Nf6 3. Bg5 e6 4. c3 c5 5. e3 Nc6 6. Ne5 Be7 7. Bb5 Bd7 8. Bxf6
gxf6 9. Nxd7 Kxd7 10. Nd2 Qb6 11. Qb3 c4 12. Bxc6+ Qxc6 13. Qc2 Rag8 14. g3 h5
15. h4 b5 16. a3 a5 17. e4 dxe4 18. Qxe4 f5 19. Qxc6+ Kxc6 20. Ke2 a4 1/2-1/2

[Event "Landesklasse West 2012/2013"]
[Site "?"]
[Date "2013.04.21"]
[Round "9"]
[White "Voigt, Uwe"]
[Black "Kunze, Heinz"]
[Result "1/2-1/2"]
[WhiteElo "1514"]
[BlackElo "1733"]
[PlyCount "124"]
[EventDate "2013.??.??"]
[WhiteTeam "SG Trusetal 92"]
[BlackTeam "Randspringer Bad Salzungen"]

1. b4 d5 2. Bb2 Nf6 3. e3 Nbd7 4. Nf3 c6 5. c4 e6 6. c5 Be7 7. Be2 O-O 8. O-O
Qc7 9. Qc2 Re8 10. d4 Ne4 11. Nbd2 Ndf6 12. Nxe4 Nxe4 13. Nd2 Nxd2 14. Qxd2 f5
15. f4 Bd7 16. Bc3 Rf8 17. Rab1 a6 18. g3 Rf6 19. Kf2 Rh6 20. Rh1 Be8 21. Rbg1
Bh5 22. Qd1 Bxe2 23. Qxe2 Rf8 24. Rb1 Ra8 25. Ke1 Kf7 26. Kd2 Bf6 27. Ra1 Kg8
28. Rag1 Qf7 29. a4 Rf8 30. b5 axb5 31. axb5 Ra8 32. Ra1 Qe8 33. Rxa8 Qxa8 34.
Ra1 Qc8 35. bxc6 Qxc6 36. h4 Rg6 37. Qf2 Be7 38. Kd1 Rf6 39. Ra8+ Rf8 40. Rxf8+
Kxf8 41. Qb2 Bd8 42. Qa3 Kf7 43. Kd2 Qb5 44. Qa8 Be7 45. Qb8 Qa6 46. Qc7 Qa2+
47. Kd3 Qb1+ 48. Kd2 Qa2+ 49. Kd3 Qa6+ 50. Kd2 Qc6 51. Qxc6 bxc6 52. Ba5 Ke8
53. Kc3 Kd7 54. Kb3 Kc8 55. Be1 h6 56. Bf2 g5 57. hxg5 hxg5 58. Be1 Kb7 59. Ka4
Ka6 60. Bf2 Bd8 61. Be1 Be7 62. Bf2 Bf6 1/2-1/2

[Event "Landesklasse West 2012/2013"]
[Site "?"]
[Date "2013.04.21"]
[Round "9"]
[White "Krellmann, Iris"]
[Black "Wiefel, Erik"]
[Result "0-1"]
[WhiteElo "1398"]
[BlackElo "1760"]
[PlyCount "68"]
[EventDate "2013.??.??"]
[WhiteTeam "SG Trusetal 92"]
[BlackTeam "Randspringer Bad Salzungen"]

1. e4 c5 2. Nf3 d6 3. c3 Nf6 4. d3 Nc6 5. Be3 g6 6. Nbd2 Bg7 7. h3 O-O 8. d4
cxd4 9. cxd4 e6 10. Bd3 h6 11. Nb3 b5 12. O-O Bb7 13. Re1 Nb4 14. Bc1 Nxd3 15.
Qxd3 Rc8 16. Nbd2 Qc7 17. Qe2 Qc2 18. e5 dxe5 19. dxe5 Nd5 20. Nb3 Nb4 21. Nfd4
Qxe2 22. Rxe2 Nd3 23. f4 Rfd8 24. Be3 Bd5 25. Rd1 Bc4 26. Red2 Nb4 27. a3 Nd5
28. Re1 Nxe3 29. Rxe3 Bf8 30. Rc3 b4 31. Rcc2 bxa3 32. bxa3 Bxa3 33. Kh1 Bb4
34. Rd1 Bd5 0-1

[Event "Landesklasse West 2012/2013"]
[Site "?"]
[Date "2013.04.21"]
[Round "9"]
[White "Hocke, Sebastian"]
[Black "Rockstuhl, Reiner"]
[Result "1-0"]
[WhiteElo "2019"]
[BlackElo "1775"]
[PlyCount "21"]
[EventDate "2013.??.??"]
[WhiteTeam "ESV Lok Meiningen"]
[BlackTeam "Schachclub 1998 Gotha"]

1. e4 e6 2. d4 d5 3. Nc3 Nf6 4. e5 Nfd7 5. f4 c5 6. Nf3 Nc6 7. Be3 a6 8. Qd2
cxd4 9. Nxd4 Bc5 10. Be2 Nxd4 11. Bxd4 1-0

[Event "Landesklasse West 2012/2013"]
[Site "?"]
[Date "2013.04.21"]
[Round "9"]
[White "Lutzkat, Ulrich"]
[Black "Lehmann, Peter"]
[Result "1/2-1/2"]
[WhiteElo "2005"]
[BlackElo "1885"]
[PlyCount "24"]
[EventDate "2013.??.??"]
[WhiteTeam "Schachclub 1998 Gotha"]
[BlackTeam "ESV Lok Meiningen"]

1. e4 e6 2. d3 d5 3. Nd2 c5 4. g3 Nc6 5. Bg2 b6 6. Ngf3 Bb7 7. O-O Nge7 8. Re1
g6 9. c3 Bg7 10. Qe2 O-O 11. Nf1 d4 12. c4 Qc7 1/2-1/2

[Event "Landesklasse West 2012/2013"]
[Site "?"]
[Date "2013.04.21"]
[Round "9"]
[White "Grube, Jan"]
[Black "Manger, Hans-Gerald"]
[Result "1/2-1/2"]
[WhiteElo "1827"]
[BlackElo "1841"]
[PlyCount "47"]
[EventDate "2013.??.??"]
[WhiteTeam "ESV Lok Meiningen"]
[BlackTeam "Schachclub 1998 Gotha"]

1. c4 c5 2. g3 Nc6 3. Bg2 g6 4. Nc3 Bg7 5. Nf3 e6 6. d3 Nge7 7. O-O O-O 8. e4
d6 9. Bf4 a6 10. Qd2 Nd4 11. Rab1 Nec6 12. Rfe1 e5 13. Bg5 f6 14. Bh6 Bg4 15.
Nxd4 Nxd4 16. h3 Bxh3 17. Be3 Be6 18. b4 b5 19. bxc5 dxc5 20. Nd5 bxc4 21. dxc4
Rb8 22. Rxb8 Qxb8 23. Qa5 Bxd5 24. exd5 1/2-1/2

[Event "Landesklasse West 2012/2013"]
[Site "?"]
[Date "2013.04.21"]
[Round "9"]
[White "Müller, Martin"]
[Black "Von Otte, Wilhelm"]
[Result "0-1"]
[WhiteElo "1375"]
[BlackElo "1929"]
[PlyCount "82"]
[EventDate "2013.??.??"]
[WhiteTeam "Schachclub 1998 Gotha"]
[BlackTeam "ESV Lok Meiningen"]

1. d4 d5 2. c4 e5 3. dxe5 d4 4. e3 Bb4+ 5. Bd2 dxe3 6. fxe3 Qh4+ 7. g3 Qe4 8.
Qf3 Bxd2+ 9. Nxd2 Qxe5 10. Qe4 Nc6 11. a3 Nge7 12. Qxe5 Nxe5 13. Ngf3 N7g6 14.
Be2 Bh3 15. Kf2 Ng4+ 16. Ke1 Nxe3 17. Kf2 Ng4+ 18. Ke1 N4e5 19. Ng5 Bg2 20. Rg1
Bc6 21. Rf1 O-O 22. b3 Rae8 23. Kf2 h6 24. Nh3 Rd8 25. Nf3 Nxf3 26. Bxf3 Bxf3
27. Kxf3 Rd3+ 28. Kg2 Rxb3 29. Rfb1 Rxb1 30. Rxb1 b6 31. c5 Rd8 32. cxb6 Rd2+
33. Kh1 cxb6 34. Ra1 Ne5 35. Ng1 Ng4 36. Nf3 Rf2 37. h3 Rxf3 38. hxg4 Rxg3 39.
Kh2 Rxg4 40. Kh3 Ra4 41. Kg3 g5 0-1

[Event "Landesklasse West 2012/2013"]
[Site "?"]
[Date "2013.04.21"]
[Round "9"]
[White "Weiß, Daniel"]
[Black "Manger, Eric"]
[Result "1-0"]
[WhiteElo "1785"]
[BlackElo "1423"]
[PlyCount "103"]
[EventDate "2013.??.??"]
[WhiteTeam "ESV Lok Meiningen"]
[BlackTeam "Schachclub 1998 Gotha"]

1. e4 b6 2. d4 e6 3. Nc3 Bb7 4. Bd3 Bb4 5. Nge2 Nf6 6. O-O c5 7. e5 Ng4 8. Ne4
cxd4 9. Bg5 Be7 10. Nd6+ Kf8 11. Nxb7 Qc7 12. Bxe7+ Kxe7 13. Nd6 Nxe5 14. Nb5
Qc5 15. Nbxd4 Nbc6 16. Be4 Rad8 17. c3 d5 18. Nxc6+ Nxc6 19. Bc2 d4 20. cxd4
Nxd4 21. Nxd4 Rxd4 22. Qe2 g6 23. Rfd1 Rhd8 24. Rxd4 Qxd4 25. Bb3 Rc8 26. Rd1
Qc5 27. h3 Rd8 28. Re1 Rd6 29. Kf1 b5 30. Qe3 Qxe3 31. Rxe3 Rd2 32. Re2 Rd4 33.
Rc2 a5 34. Rc5 Rb4 35. Rc3 a4 36. a3 Rxb3 37. Rxb3 axb3 38. Ke2 Kd6 39. Kd3 f5
40. Kc3 Kc5 41. Kxb3 e5 42. Kc3 e4 43. b3 h5 44. h4 f4 45. a4 b4+ 46. Kd2 Kd4
47. Ke2 Kc3 48. a5 Kxb3 49. a6 Kc2 50. a7 b3 51. a8=Q b2 52. Qxe4+ 1-0

[Event "Landesklasse West 2012/2013"]
[Site "?"]
[Date "2013.04.21"]
[Round "9"]
[White "Funke, Johannes"]
[Black "Jörges, Frank"]
[Result "0-1"]
[WhiteElo "1166"]
[BlackElo "1812"]
[PlyCount "102"]
[EventDate "2013.??.??"]
[WhiteTeam "Schachclub 1998 Gotha"]
[BlackTeam "ESV Lok Meiningen"]

1. e4 d5 2. exd5 Qxd5 3. Nc3 Qd6 4. Nf3 Nf6 5. d4 a6 6. Bc4 b5 7. Bb3 Bb7 8.
O-O e6 9. Re1 Be7 10. Qd3 Nc6 11. a3 Rd8 12. Ne2 Nd5 13. c4 bxc4 14. Bxc4 a5
15. Kh1 Bf6 16. Bxd5 Qxd5 17. Be3 O-O 18. Nf4 Qd7 19. Rad1 Ne7 20. Nh5 Nf5 21.
Nxf6+ gxf6 22. Re2 Bxf3 23. gxf3 Qd5 24. Bf4 c5 25. Bc7 Rd7 26. Re4 Rxc7 27.
Rg1+ Kh8 28. Reg4 Rcc8 29. R1g3 Nxg3+ 30. hxg3 Rg8 31. Rh4 Rg7 32. Kg2 f5 33.
Qa6 Qd8 34. dxc5 Rxc5 35. b4 axb4 36. axb4 Rd5 37. Rc4 Rg8 38. b5 Qa8 39. Qb6
Rb8 40. Qc7 Qb7 41. Qa5 Qxb5 42. Qc3+ Kg8 43. Rb4 Qxb4 44. Qc7 Qd6 45. Qc3 Qe5
46. Qc1 Rbd8 47. Qg5+ Qg7 48. Qe7 Rd4 49. Qc7 h5 50. g4 hxg4 51. f4 Qh7 0-1

[Event "Landesklasse West 2012/2013"]
[Site "?"]
[Date "2013.04.21"]
[Round "9"]
[White "Rosenberg, Erik"]
[Black "Langlotz, Tobias"]
[Result "1-0"]
[WhiteElo "1452"]
[BlackElo "1174"]
[PlyCount "77"]
[EventDate "2013.??.??"]
[WhiteTeam "ESV Lok Meiningen"]
[BlackTeam "Schachclub 1998 Gotha"]

1. d4 b6 2. c4 Bb7 3. Nf3 e6 4. Nc3 Bb4 5. Bd2 Nf6 6. e3 d5 7. Rc1 O-O 8. cxd5
Nxd5 9. Be2 Nd7 10. O-O c5 11. a3 Bxc3 12. Bxc3 Rc8 13. Bd2 cxd4 14. Nxd4 N7f6
15. Qa4 a5 16. Rfd1 Ne4 17. Nxe6 fxe6 18. Qxe4 Rxc1 19. Qxe6+ Kh8 20. Bxc1 Qg5
21. Qg4 Qf6 22. Qg3 Rc8 23. Bf3 Qf7 24. Qd6 h6 25. h3 b5 26. Bxd5 Bxd5 27. Qxd5
Qxd5 28. Rxd5 Rxc1+ 29. Kh2 b4 30. Rxa5 bxa3 31. bxa3 Ra1 32. Ra8+ Kh7 33. a4
Ra2 34. Kg3 Kg6 35. a5 Kf6 36. a6 Ke7 37. a7 Kd7 38. Rg8 Rxa7 39. Rxg7+ 1-0

[Event "Landesklasse West 2012/2013"]
[Site "?"]
[Date "2013.04.21"]
[Round "9"]
[White "Böhnisch, Jannis"]
[Black "Webel, Jannik"]
[Result "0-1"]
[WhiteElo "790"]
[BlackElo "1532"]
[PlyCount "64"]
[EventDate "2013.??.??"]
[WhiteTeam "Schachclub 1998 Gotha"]
[BlackTeam "ESV Lok Meiningen"]

1. e4 c5 2. Nf3 d6 3. d4 cxd4 4. Nxd4 Nf6 5. Nc3 a6 6. Bg5 e6 7. Bxf6 Qxf6 8.
Nf3 Nc6 9. Bd3 g6 10. O-O Bg7 11. Qe2 O-O 12. Rad1 Qe7 13. Qd2 Rd8 14. Rfe1 b5
15. Ra1 Rb8 16. Rab1 b4 17. Ne2 a5 18. c3 Bd7 19. Ned4 Be8 20. Nxc6 Bxc6 21.
Nd4 Ba8 22. Bb5 Bxd4 23. Qxd4 Rxb5 24. cxb4 Rxb4 25. Qd3 Qb7 26. f3 Rxb2 27. e5
d5 28. Qf1 Qb6+ 29. Kh1 Rb8 30. Ra1 Bb7 31. Rec1 Ba6 32. Qe1 Bc4 0-1

[Event "Landesklasse West 2012/2013"]
[Site "?"]
[Date "2013.04.21"]
[Round "9"]
[White "Klingler, Lutz"]
[Black "Kachel, Alfred"]
[Result "1-0"]
[WhiteElo "1962"]
[BlackElo "1956"]
[PlyCount "81"]
[EventDate "2013.??.??"]
[WhiteTeam "SV Schmalkalden 04"]
[BlackTeam "Schachclub Rochade Leinefelde"]

1. f4 b6 2. e4 Bb7 3. Nc3 e6 4. d3 Ne7 5. Nf3 d5 6. Be2 Nd7 7. O-O c5 8. Qe1 d4
9. Nb5 Nc6 10. a4 a6 11. Na3 Qc7 12. c3 Be7 13. Bd2 O-O 14. Nc2 dxc3 15. bxc3
Na5 16. e5 Nb3 17. Rb1 Nxd2 18. Nxd2 Bc6 19. Ra1 b5 20. axb5 axb5 21. Bf3 Rxa1
22. Qxa1 Ra8 23. Qb2 h6 24. Rb1 Ra5 25. Nb3 Ra4 26. Nd2 Rxf4 27. Bxc6 Qxc6 28.
Qxb5 Qxb5 29. Rxb5 Nxe5 30. d4 Nd3 31. Nf3 g5 32. h3 h5 33. Rb7 Bf6 34. dxc5 g4
35. c6 Rc4 36. c7 Kg7 37. Nfd4 Be5 38. Nxe6+ Kf6 39. Ne3 Rxc3 40. Nd5+ Kxe6 41.
Nxc3 1-0

[Event "Landesklasse West 2012/2013"]
[Site "?"]
[Date "2013.04.21"]
[Round "9"]
[White "Ziegenfuß, Holger"]
[Black "Lesser, Thomas"]
[Result "1/2-1/2"]
[WhiteElo "1876"]
[BlackElo "1845"]
[PlyCount "46"]
[EventDate "2013.??.??"]
[WhiteTeam "Schachclub Rochade Leinefelde"]
[BlackTeam "SV Schmalkalden 04"]

1. e4 e5 2. Nc3 Nc6 3. Bc4 Bc5 4. Qg4 Kf8 5. Qf3 Nf6 6. Nge2 d6 7. d3 h6 8. O-O
Be6 9. Bxe6 fxe6 10. Na4 Bb6 11. Nxb6 axb6 12. Qh3 Ke7 13. f4 Nd4 14. Nxd4 exd4
15. e5 Nd5 16. Bd2 Rf8 17. a3 dxe5 18. fxe5 c5 19. Qg4 Rxf1+ 20. Rxf1 Qg8 21.
Qh4+ Kd7 22. Qf2 Ke7 23. Qh4+ Kd7 1/2-1/2

[Event "Landesklasse West 2012/2013"]
[Site "?"]
[Date "2013.04.21"]
[Round "9"]
[White "Krannich, Steffen"]
[Black "Frank, Thomas"]
[Result "1/2-1/2"]
[WhiteElo "1818"]
[BlackElo "1907"]
[PlyCount "30"]
[EventDate "2013.??.??"]
[WhiteTeam "SV Schmalkalden 04"]
[BlackTeam "Schachclub Rochade Leinefelde"]

1. d4 Nf6 2. Nf3 g6 3. g3 Bg7 4. Bg2 d6 5. O-O O-O 6. c4 Na6 7. Nc3 c5 8. h3
cxd4 9. Nxd4 Nc7 10. Be3 a6 11. Rc1 Rb8 12. Nf3 Ne6 13. Nd5 Nd7 14. Qd2 Re8 15.
Rfd1 Nc7 1/2-1/2

[Event "Landesklasse West 2012/2013"]
[Site "?"]
[Date "2013.04.21"]
[Round "9"]
[White "Pfitzenreuter, Gerald"]
[Black "Burkhardt, Christian"]
[Result "1-0"]
[WhiteElo "1901"]
[BlackElo "1717"]
[PlyCount "67"]
[EventDate "2013.??.??"]
[WhiteTeam "Schachclub Rochade Leinefelde"]
[BlackTeam "SV Schmalkalden 04"]

1. d4 d5 2. Nf3 Nf6 3. c4 e6 4. Nc3 Nbd7 5. cxd5 exd5 6. Bf4 c6 7. e3 Be7 8.
Bd3 O-O 9. Qc2 Re8 10. O-O Nf8 11. h3 Ng6 12. Bg3 Bd6 13. Bxd6 Qxd6 14. Rab1
Bd7 15. b4 b5 16. Rfd1 a5 17. bxa5 Rxa5 18. a4 bxa4 19. Nxa4 Rea8 20. Nc5 Bc8
21. Rdc1 Ra2 22. Rb2 Rxb2 23. Qxb2 Rb8 24. Qc3 Rb6 25. Qa5 Qb8 26. Na4 Rb3 27.
Qd8+ Nf8 28. Nc5 Rb6 29. Ne5 h5 30. Qe7 Be6 31. Nxe6 fxe6 32. Nxc6 Qc8 33. Qc5
Kh8 34. Qxb6 1-0

[Event "Landesklasse West 2012/2013"]
[Site "?"]
[Date "2013.04.21"]
[Round "9"]
[White "Weigend, Joachim"]
[Black "Müller, Sebastian"]
[Result "1/2-1/2"]
[WhiteElo "1777"]
[BlackElo "1897"]
[PlyCount "31"]
[EventDate "2013.??.??"]
[WhiteTeam "SV Schmalkalden 04"]
[BlackTeam "Schachclub Rochade Leinefelde"]

1. c4 e5 2. Nc3 Nc6 3. g3 f5 4. Bg2 Nf6 5. e3 g6 6. Nge2 Bg7 7. O-O O-O 8. d4
e4 9. Rb1 Kh8 10. Nf4 d6 11. b4 Ne7 12. Bb2 d5 13. cxd5 Nexd5 14. Ncxd5 Nxd5
15. Nxd5 Qxd5 16. Qc2 1/2-1/2

[Event "Landesklasse West 2012/2013"]
[Site "?"]
[Date "2013.04.21"]
[Round "9"]
[White "Petiko, Jakob"]
[Black "Röder, Detlef"]
[Result "1/2-1/2"]
[WhiteElo "1899"]
[BlackElo "1629"]
[PlyCount "66"]
[EventDate "2013.??.??"]
[WhiteTeam "Schachclub Rochade Leinefelde"]
[BlackTeam "SV Schmalkalden 04"]

1. e4 e5 2. c4 Nc6 3. Nc3 Nf6 4. g3 Bc5 5. Bg2 O-O 6. Nge2 d6 7. d3 Be6 8. h3
Nd7 9. O-O Nb6 10. Kh2 f5 11. f4 Qf6 12. Nd5 Bxd5 13. cxd5 Nd4 14. Nxd4 Bxd4
15. exf5 Qxf5 16. g4 Qf7 17. fxe5 Bxe5+ 18. Kh1 Qe7 19. g5 Rxf1+ 20. Qxf1 Rf8
21. Qe2 Qf7 22. Be3 Qe7 23. Re1 Bg3 24. Bg1 Qxg5 25. Qe6+ Kh8 26. Rf1 Qd8 27.
Bd4 Rxf1+ 28. Bxf1 Qf8 29. Bg2 Bh4 30. Kg1 Qe7 31. Bxb6 Qxe6 32. dxe6 axb6 33.
Bxb7 Kg8 1/2-1/2